Statistics for MLB #1 Overall Draft Picks

Click here to take the quiz!

General Stats

  • This quiz has been taken 30 times
  • The average score is 15 of 56

Answer Stats

YearTeamPositionWARAnswer% Correct
2010NationalsOF31.8Bryce Harper
96%
2012AstrosSS24.5Carlos Correa
81%
2007Devil RaysLHP39.4David Price
81%
2009NationalsRHP33.5Stephen Strasburg
81%
2019OriolesC--Adley Rutschman
74%
2011PiratesRHP23.9Gerrit Cole
74%
2001TwinsC55.3Joe Mauer
74%
2018TigersRHP--Casey Mize
70%
1987MarinersOF83.8Ken Griffey Jr.
67%
2020Tigers3B--Spencer Torkelson
63%
1993MarinersSS117.5Alex Rodriguez
59%
2016PhilliesOF--Mickey Moniak
59%
1990BravesSS85.3Chipper Jones
56%
2015DiamondbacksSS4.6Dansby Swanson
56%
2013AstrosRHP--Mark Appel
48%
2017TwinsSS--Royce Lewis
44%
1980MetsOF42.2Darryl Strawberry
41%
2005DiamondbacksSS34.4Justin Upton
30%
2000Marlins1B43.6Adrian Gonzalez
26%
2003Devil RaysOF3.2Delmon Young
26%
2006RoyalsRHP3.7Luke Hochevar
26%
2008RaysSS3.5Tim Beckham
26%
2014AstrosLHP--Brady Aiken
22%
1999Devil RaysOF28.2Josh Hamilton
19%
1997TigersRHP-0.6Matt Anderson
19%
2004PadresSS2.6Matt Bush
19%
1991YankeesLHP--Brien Taylor
15%
1995AngelsOF32.3Darin Erstad
15%
1998Phillies3B18.9Pat Burrell
15%
2002PiratesRHP-0.2Bryan Bullington
11%
1986PiratesSS16.8Jeff King
11%
1981MarinersRHP27.9Mike Moore
11%
1992Astros3B15.9Phil Nevin
11%
1982CubsSS11.5Shawon Dunston
11%
1996PiratesRHP12.9Kris Benson
7%
1994MetsRHP2.0Paul Wilson
7%
1965AthleticsOF33.1Rick Monday
7%
1988PadresRHP31.5Andy Benes
4%
1989OriolesRHP20.8Ben McDonald
4%
1985BrewersSS34.4B.J. Surhoff
4%
1978Braves3B21.9Bob Horner
4%
1977White Sox1B38.7Harold Baines
4%
1969SenatorsOF17.8Jeff Burroughs
4%
1967Yankees1B9.4Ron Blomberg
4%
1966MetsC--Steven Chilcott
4%
1979MarinersOF-0.5Al Chambers
0%
1974PadresSS4.6Bill Almon
0%
1975AngelsC-1.7Danny Goodwin
0%
1971White SoxC-1.7Danny Goodwin
0%
1972Padres3B0.4Dave Roberts
0%
1973RangersLHP0.6David Clyde
0%
1976AstrosLHP26.4Floyd Bannister
0%
1970PadresC7.3Mike Ivie
0%
1984MetsOF-1.3Shawn Abner
0%
1983TwinsRHP26.0Tim Belcher
0%
1968MetsSS5.7Tim Foli
0%

Score Distribution

Percentile by Number Answered

Percent of People with Each Score

Your Score History

You have not taken this quiz